[Event "Challenge"]
[Site "http://www.queenalice.com/game.php?id=1484770"]
[Date "2017.7.4"]
[Round "-"]
[White "Torfi"]
[Black "bumpywater"]
[Result "1/2-1/2"]
[WhiteElo "2042"]
[BlackElo "1965"]

1. e4 e5 2. Nf3 Nc6 3. Bc4 h6 4. d4 exd4 5. Nxd4 Nxd4 6. Qxd4 Bb4+ 7. c3 Ba5 8.
Qxg7 Qf6 9. Bxf7+ Qxf7 10. Qxh8 Bb6 11. Qe5+ Ne7 12. Be3 d6 13. Qh8+ Ng8 14.
Bxb6 axb6 15. b3 Be6 16. c4 Qg6 17. Nd2 Qxg2 18. Rf1 Qxh2 19. a4 Qf4 20. O-O-O
O-O-O 21. f3 Nf6 22. Qg7 Rg8 23. Qe7 Re8 24. Qg7 Rg8 25. Qe7 Re8 26. Qg7 Rg8 27.
Qe7 1/2-1/2

[Event "Challenge"]
[Site "http://www.queenalice.com/game.php?id=1485338"]
[Date "2017.7.8"]
[Round "-"]
[White "Sigmund"]
[Black "bumpywater"]
[Result "0-1"]
[WhiteElo "1881"]
[BlackElo "1977"]

1. d4 d5 2. c4 e6 3. Nf3 Nc6 4. Nc3 Bb4 5. Bd2 Nf6 6. Ne5 Nxd4 7. Qa4+ c6 8. e3
Bxc3 9. Bxc3 Nf5 10. O-O-O Ne4 11. Be1 Nc5 12. Qb4 Qd6 13. Qd2 Qxe5 14. Bd3 O-O
15. h4 Nxd3+ 16. Qxd3 h6 17. g4 Nd6 18. g5 h5 19. f4 Qf5 20. Qe2 g6 21. b3 a5
22. a4 b6 23. Rd4 e5 24. Rd2 Ba6 25. Qg2 Ne4 26. Rd1 dxc4 27. bxc4 Bxc4 28. Qb2
exf4 29. Qxb6 Be2 30. Rd4 Rfb8 31. Qc7 Nc3 0-1

[Event "Challenge"]
[Site "http://www.queenalice.com/game.php?id=1486628"]
[Date "2017.7.19"]
[Round "-"]
[White "bumpywater"]
[Black "Torfi"]
[Result "0-1"]
[WhiteElo "1989"]
[BlackElo "2039"]

1. e4 e5 2. Nf3 Nc6 3. Nc3 Bb4 4. Nd5 Bc5 5. Bb5 Nf6 6. Bxc6 bxc6 7. Nc3 d5 8.
exd5 Nxd5 9. Nxd5 cxd5 10. O-O e4 11. Ne1 O-O 12. Qe2 Qf6 13. Rb1 Ba6 14. d3
Rfe8 15. Qd2 d4 16. b4 e3 17. Qe2 Qb6 18. fxe3 dxe3 19. Qh5 e2+ 20. Qxc5 exf1=Q+
21. Kxf1 Qe6 22. Bd2 Qe2+ 23. Kg1 Qxd2 24. Nf3 Qf4 25. Rf1 Bb7 26. Qd4 Qf5 27.
Qf2 Bxf3 28. Qxf3 Qxf3 0-1

[Event "Challenge"]
[Site "http://www.queenalice.com/game.php?id=1486743"]
[Date "2017.7.20"]
[Round "-"]
[White "bumpywater"]
[Black "chessplayer123"]
[Result "1-0"]
[WhiteElo "1968"]
[BlackElo "1789"]

1. e4 e5 2. Nf3 d6 3. Bc4 Be7 4. Nc3 Nf6 5. h3 Nc6 6. O-O Be6 7. Bxe6 fxe6 8. d3
O-O 9. Bg5 d5 10. Re1 d4 11. Nb1 a6 12. c3 dxc3 13. Nxc3 Nd4 14. Nxe5 c5 15. Ne2
Nb5 16. Qb3 Qc8 17. Rac1 Nc7 18. d4 cxd4 19. Nxd4 Bd6 20. Nf5 Kh8 21. Nxd6 1-0

[Event "Challenge"]
[Site "http://www.queenalice.com/game.php?id=1488458"]
[Date "2017.8.2"]
[Round "-"]
[White "bumpywater"]
[Black "Sigmund"]
[Result "1-0"]
[WhiteElo "1980"]
[BlackElo "1845"]

1. e4 e5 2. Nf3 d6 3. Bc4 a6 4. d3 h6 5. Nc3 Be7 6. d4 exd4 7. Qxd4 Bf6 8. Qe3
Ne7 9. O-O O-O 10. Nd5 Nxd5 11. Bxd5 c6 12. Bb3 Be6 13. c3 Nd7 14. Rd1 Ne5 15.
Nxe5 Bxe5 16. Bxe6 fxe6 17. h3 Qh4 18. Rd2 Bf4 19. Qe1 Bxd2 20. Bxd2 Rf6 21. Qe2
Raf8 22. Rf1 Rg6 23. Kh1 Qe7 24. f4 Rgf6 25. c4 Kh7 26. g4 g6 27. b3 g5 28. Qd3
R6f7 29. e5+ Kg8 30. exd6 Qd7 31. Qg6+ Rg7 32. Qxh6 Qxd6 33. Bc3 Rff7 34. Bxg7
Rxg7 35. f5 Qd7 36. fxe6 Qd4 37. e7 Qe4+ 38. Kg1 Qxe7 39. Qf6 Qxf6 40. Rxf6 Re7
41. Rg6+ Rg7 42. Re6 Kf7 43. Re5 Kf6 44. Rf5+ Ke6 45. Kg2 Rg6 46. Kg3 Kd6 47. h4
gxh4+ 48. Kxh4 Ke6 49. Kh5 Rg8 50. Kh4 Rg6 51. Rg5 Kf6 52. Rxg6+ Kxg6 53. g5 b6
54. b4 c5 55. a3 a5 56. b5 a4 57. Kg4 Kg7 58. Kf5 Kf7 59. g6+ 1-0

[Event "Challenge"]
[Site "http://www.queenalice.com/game.php?id=1489770"]
[Date "2017.8.12"]
[Round "-"]
[White "Torfi"]
[Black "bumpywater"]
[Result "0-1"]
[WhiteElo "2053"]
[BlackElo "2001"]

1. e4 c5 2. Nf3 d6 3. d4 cxd4 4. Nxd4 e5 5. Nf5 Bxf5 6. exf5 h6 7. Bb5+ Nd7 8.
Nc3 a6 9. Bc4 Ngf6 10. Nd5 Rc8 11. Bb3 b5 12. O-O a5 13. a4 b4 14. Re1 Be7 15.
c4 Nxd5 16. Qxd5 Nf6 17. Qb5+ Nd7 18. Qd5 O-O 19. Be3 Nf6 20. Qf3 Qd7 21. Rad1
Qc7 22. Qg3 Kh7 23. Rd3 Rfd8 24. Qh3 e4 25. Rd4 Kg8 26. Bxh6 gxh6 27. Qxh6 d5
28. cxd5 Qe5 29. Qg5+ Kf8 30. Red1 Bd6 31. g3 Nh7 32. Qh4 Nf6 33. Qg5 Ke7 34.
Qd2 Rg8 35. Bc2 Rg4 36. Re1 Qxf5 37. b3 Kd7 38. Bd1 e3 39. Bxg4 Nxg4 40. fxe3
Rh8 41. Rf1 Qg6 42. Qe2 Nxh2 43. Qb5+ Ke7 44. Qb7+ Kf8 45. g4 Nxf1 46. Kxf1 Qb1+
47. Kg2 Qc2+ 48. Kg1 Qc1+ 49. Kf2 Qc2+ 50. Kg1 Bh2+ 51. Kf1 Be5 52. Qc8+ Qxc8
0-1

[Event "Challenge"]
[Site "http://www.queenalice.com/game.php?id=1494408"]
[Date "2017.9.14"]
[Round "-"]
[White "Sigmund"]
[Black "bumpywater"]
[Result "0-1"]
[WhiteElo "1827"]
[BlackElo "1991"]

1. g3 e5 2. Bg2 d5 3. d3 Nf6 4. e3 Nc6 5. Nf3 Bg4 6. O-O d4 7. e4 Bd6 8. Bg5 h6
9. Bd2 O-O 10. a3 a5 11. Qc1 b5 12. Bxh6 gxh6 13. Qxh6 Nh7 14. h4 Qf6 15. Qxf6
Nxf6 16. Nbd2 a4 17. b4 Rac8 18. Rac1 Ne7 19. c4 c6 20. c5 Bb8 21. Kh2 Ng6 22.
Ne1 Kg7 23. f3 Be6 24. Bh3 Bxh3 25. Kxh3 Rh8 26. Ng2 Rcg8 27. g4 Nf4+ 28. Nxf4
exf4 29. Rg1 Kf8 30. Rg2 Rh7 31. Rcg1 Rgh8 32. h5 Rxh5+ 0-1

[Event "Challenge"]
[Site "http://www.queenalice.com/game.php?id=1498707"]
[Date "2017.10.13"]
[Round "-"]
[White "bumpywater"]
[Black "Sigmund"]
[Result "1/2-1/2"]
[WhiteElo "2000"]
[BlackElo "1797"]

1. e4 e5 2. Nf3 Nc6 3. d4 exd4 4. Nxd4 Nf6 5. Nxc6 dxc6 6. Qxd8+ Kxd8 7. Bc4 Be6
8. Bd3 Bc5 9. O-O h6 10. h3 Ke7 11. Re1 g5 12. Nc3 b5 13. a3 a5 14. b3 Bd4 15.
Bb2 b4 16. axb4 axb4 17. Nd5+ cxd5 18. Bxd4 Rhd8 19. Bc5+ Ke8 20. exd5 Rxa1 21.
Rxa1 Rxd5 22. Bxb4 Bf5 23. Bb5+ Rxb5 24. Ra8+ Kd7 25. Bc3 Nd5 26. Bg7 h5 27. c4
Rxb3 28. cxd5 Be4 29. Ra5 Rb1+ 30. Kh2 Rd1 31. d6 Rxd6 32. Rxg5 Rg6 33. Rxg6
fxg6 34. f3 Bf5 35. Kg3 c5 36. Kf4 Kd6 37. Ke3 Kd5 38. Kd2 Kc4 39. h4 Kb3 40. g3
c4 41. f4 Bd3 42. Bf6 Bc2 43. Bc3 Bd3 44. Bd4 Bf5 1/2-1/2

[Event "Challenge"]
[Site "http://www.queenalice.com/game.php?id=1507244"]
[Date "2017.12.9"]
[Round "-"]
[White "Scaracioli"]
[Black "bumpywater"]
[Result "0-1"]
[WhiteElo "1691"]
[BlackElo "1992"]

1. e4 c5 2. c3 e5 3. Nf3 Nc6 4. Bb5 Qc7 5. d4 cxd4 6. cxd4 Qa5+ 7. Nc3 Bb4 8.
Bd2 Bxc3 9. Bxc6 Bxd2+ 10. Nxd2 bxc6 11. dxe5 Qxe5 12. Nc4 Qxe4+ 13. Ne3 Ba6 14.
Qb3 Nf6 15. Rd1 O-O 16. f3 Qe5 17. g3 Rfe8 18. Kf2 Rab8 19. Qc2 Qxb2 20. Qxb2
Rxb2+ 21. Kg1 Rxe3 22. h3 Rxf3 23. Rh2 Rxg3+ 24. Kh1 Rxh2+ 25. Kxh2 Rd3 26. Rb1
h6 27. Rb8+ Kh7 28. Ra8 Rd2+ 29. Kg3 Rxa2 30. Rxa7 c5 31. h4 c4 32. Kf3 c3 33.
Rc7 c2 34. Kf2 Bd3 35. Ke1 Ne4 36. Rxc2 Bxc2 37. Ke2 Ra3 38. Kf1 d5 39. Ke2 d4
40. h5 d3+ 41. Ke1 d2+ 42. Kf1 d1=Q+ 43. Kg2 Qd2+ 44. Kg1 Ra1# 0-1

[Event "Challenge"]
[Site "http://www.queenalice.com/game.php?id=1507245"]
[Date "2017.12.9"]
[Round "-"]
[White "bumpywater"]
[Black "Scaracioli"]
[Result "1-0"]
[WhiteElo "1996"]
[BlackElo "1679"]

1. e4 e5 2. Nf3 d6 3. d4 f6 4. d5 a6 5. Nc3 Nd7 6. h3 c6 7. dxc6 bxc6 8. Bc4 Ne7
9. O-O Ng6 10. Be3 Bb7 11. b4 Be7 12. a4 Nb6 13. Ba2 Nd7 14. a5 d5 15. exd5 cxd5
16. Bxd5 Bxd5 17. Nxd5 O-O 18. c3 e4 19. Nd4 Rf7 20. Nxe7+ Rxe7 21. Nc6 Qe8 22.
Nxe7+ Nxe7 23. Ra2 Rd8 24. Rd2 Nc6 25. Bb6 Nxb6 26. Rxd8 Nxd8 27. c4 Nxc4 28.
Qd5+ Qe6 29. Qxd8+ Kf7 30. Qc7+ Kg6 31. Rc1 Ne5 32. Rd1 h6 33. Rd6 Qb3 34. Rxa6
e3 35. Qxe5 exf2+ 36. Kxf2 Qc2+ 37. Qe2 Qc8 38. Qg4+ Qxg4 39. hxg4 Kg5 40. b5 f5
41. gxf5 Kxf5 42. b6 g5 43. b7 h5 44. b8=Q g4 45. Rc6 h4 46. Qb5+ 1-0

[Event "Challenge"]
[Site "http://www.queenalice.com/game.php?id=1511325"]
[Date "2018.1.11"]
[Round "-"]
[White "Scaracioli"]
[Black "bumpywater"]
[Result "0-1"]
[WhiteElo "1619"]
[BlackElo "1999"]

1. e4 e5 2. Nf3 Nc6 3. d4 exd4 4. Nxd4 Nxd4 5. Qxd4 d6 6. h3 Be6 7. Nc3 Nf6 8.
f3 c5 9. Qd1 h6 10. Bb5+ Bd7 11. Bxd7+ Qxd7 12. Nd5 Be7 13. c4 O-O 14. g4 Rac8
15. Bd2 b6 16. Qe2 Nxd5 17. cxd5 Bh4+ 18. Kd1 Qa4+ 19. b3 Qd4 20. Rc1 Qb2 21.
Rc2 Qb1+ 22. Bc1 Bg5 23. Rh2 c4 24. bxc4 Bxc1 25. Rxc1 Qb4 26. Qd3 Qc5 27. Re2
Qg1+ 28. Kd2 Qg3 29. Rh1 Qf4+ 30. Re3 a6 31. Ke2 b5 32. cxb5 axb5 33. Qxb5 Rc2+
34. Kd3 Rxa2 35. Rc1 Ra3+ 36. Rc3 Rxc3+ 37. Kxc3 Qxe3+ 38. Qd3 Rc8+ 0-1

[Event "Bjork"]
[Site "http://www.queenalice.com/game.php?id=1544221"]
[Date "2018.9.30"]
[Round "-"]
[White "bumpywater"]
[Black "Wigmont"]
[Result "1-0"]
[WhiteElo "2019"]
[BlackElo "1540"]

1. d4 d5 2. Bg5 h6 3. Bh4 f5 4. h3 g5 5. Bg3 Nf6 6. Nc3 e6 7. Nf3 f4 8. Bh2 Nc6
9. Qd3 Rg8 10. a3 a6 11. e3 Qe7 12. Be2 h5 13. O-O-O Bd7 14. exf4 g4 15. hxg4
Nxg4 16. Bg3 Nxf2 17. Bxf2 O-O-O 18. g3 Bh6 19. Rxh5 Bg7 20. Rh7 Rh8 21. Rxh8
Rxh8 22. Ng5 Bf6 23. Qe3 Na5 24. Nxd5 Qf8 25. Nxe6 Qf7 26. Ndxc7 Bc6 27. d5 Bb5
28. Nxb5 axb5 29. Qc5+ Kd7 30. Bxb5+ Nc6 31. dxc6+ Kc8 32. cxb7+ Kxb7 33. Qa7+
Kc8 34. Qxf7 1-0

[Event "Challenge"]
[Site "http://www.queenalice.com/game.php?id=1547398"]
[Date "2018.10.27"]
[Round "-"]
[White "bumpywater"]
[Black "Scaracioli"]
[Result "1-0"]
[WhiteElo "2019"]
[BlackElo "1670"]

1. d4 d5 2. Nc3 e6 3. Nf3 h6 4. e3 a6 5. Bd3 Nc6 6. O-O Nf6 7. h3 Bd7 8. a3 Bd6
9. b4 b6 10. e4 dxe4 11. Bxe4 Nxe4 12. Nxe4 Be7 13. Bb2 f6 14. a4 Nxb4 15. c3
Nd5 16. c4 Nb4 17. d5 exd5 18. cxd5 Bf5 19. Nc3 Bd3 20. Re1 Bc4 21. Nh4 Kd7 22.
Qg4+ Ke8 23. Qxc4 Qd6 24. Nf5 Qc5 25. Nxg7+ Kd7 26. Qxc5 Bxc5 27. Nf5 Nc2 28.
Ne4 Nxe1 29. Rxe1 Bb4 30. Nxf6+ Kc8 31. Re4 Bc5 32. Ng4 h5 33. Bxh8 Kb7 34. Be5
hxg4 35. Rxg4 Rd8 36. Rg7 Bd6 37. Bxd6 b5 38. Rxc7+ Kb6 39. Rc6+ Ka5 40. axb5
Kxb5 41. Rc5+ Kb6 42. Be7 Re8 43. Rc6+ Kb7 44. Re6 Ra8 45. d6 Kb6 46. d7+ Kc7
47. d8=Q+ Rxd8 48. Bxd8+ Kxd8 49. Rxa6 Kc7 50. h4 1-0

[Event "Challenge"]
[Site "http://www.queenalice.com/game.php?id=1547399"]
[Date "2018.10.27"]
[Round "-"]
[White "Scaracioli"]
[Black "bumpywater"]
[Result "1-0"]
[WhiteElo "1684"]
[BlackElo "2021"]

1. e4 c5 2. c3 e5 3. Nf3 Nc6 4. d3 b5 5. Be3 Nf6 6. Nbd2 Be7 7. Be2 O-O 8. Qc2
Ba6 9. c4 bxc4 10. dxc4 h6 11. h3 Rb8 12. a3 Nd4 13. Bxd4 exd4 14. b3 Bb7 15. b4
cxb4 16. axb4 Bxb4 17. O-O Bxd2 18. Qxd2 Bxe4 19. Qxd4 Re8 20. Ra3 Rb7 21. Nd2
Qe7 22. Re3 Rb6 23. f3 Qe5 24. Qxe5 Rxe5 25. Nxe4 Kf8 26. Bd3 d5 27. cxd5 Nxd5
28. f4 Nxe3 29. fxe5 Nxf1 30. Kxf1 a5 31. Kf2 a4 32. Ke3 a3 33. Bc4 Rg6 34. g3
f6 35. exf6 gxf6 36. g4 Rg7 37. Nxf6 Rc7 38. Bd5 Rc3+ 39. Kd2 Rxh3 40. Kc2 Ke7
41. Ne4 Kd7 42. Nc3 Kd6 43. Bg2 Rg3 44. Ne4+ Kd5 45. Nxg3+ Kc4 46. Nf5 1-0

[Event "Challenge"]
[Site "http://www.queenalice.com/game.php?id=1548204"]
[Date "2018.11.5"]
[Round "-"]
[White "ichtus"]
[Black "bumpywater"]
[Result "1-0"]
[WhiteElo "2692"]
[BlackElo "2021"]

1. Nf3 d5 2. g3 Nf6 3. Bg2 Nc6 4. O-O Bg4 5. d4 e6 6. c4 dxc4 7. Nbd2 Nxd4 8.
Nxd4 Qxd4 9. h3 Bf5 10. Bxb7 Rb8 11. Bc6+ Nd7 12. g4 Bg6 13. Nxc4 Bc5 14. Be3
Qxd1 15. Raxd1 Rd8 16. Bxc5 Be4 17. Bxd7+ Rxd7 18. Rxd7 Kxd7 19. Ne5+ 1-0

[Event "Challenge"]
[Site "http://www.queenalice.com/game.php?id=1570762"]
[Date "2019.5.13"]
[Round "-"]
[White "Ron39"]
[Black "bumpywater"]
[Result "1-0"]
[WhiteElo "2160"]
[BlackElo "1994"]

1. e4 e5 2. d4 exd4 3. Qxd4 Nc6 4. Qe3 Bd6 5. Nc3 Nf6 6. Bd2 Ne5 7. f4 Neg4 8.
Qf3 O-O 9. h3 Nxe4 10. hxg4 Nxd2 11. Kxd2 Qf6 12. Nge2 c6 13. Rd1 Bb4 14. Kc1 d5
15. g5 Qe7 16. Qh5 Bf5 17. g4 Bg6 18. Qh3 Rae8 19. f5 Qe3+ 20. Qxe3 Rxe3 21.
fxg6 hxg6 22. Rh3 Rxh3 23. Bxh3 Be7 24. Rf1 Bxg5+ 25. Kd1 Re8 26. Ng1 Be3 27.
Nf3 a5 28. Re1 f6 29. Nh4 d4 30. Nb1 Bf2 31. Rxe8+ 1-0

[Event "Challenge"]
[Site "http://www.queenalice.com/game.php?id=1570763"]
[Date "2019.5.13"]
[Round "-"]
[White "bumpywater"]
[Black "Ron39"]
[Result "0-1"]
[WhiteElo "1985"]
[BlackElo "2172"]

1. e4 e6 2. e5 d5 3. d4 c5 4. Bb5+ Bd7 5. Nc3 Bxb5 6. Nge2 Bxe2 7. Kxe2 Nc6 8.
Bf4 cxd4 9. Nb5 Bc5 10. Re1 a6 11. Na3 Bxa3 12. bxa3 Nge7 13. Kf1 Ng6 14. Bg3 h5
15. h3 Qc7 16. Rb1 O-O 17. Qxh5 b5 18. h4 Nce7 19. Qg5 Nf5 20. h5 Nxg3+ 21. Qxg3
Ne7 22. Re2 Nf5 23. Qf4 Qc4 24. g4 Nh6 25. Rb4 Qxa2 26. Qg3 Qa1+ 27. Re1 Qc3 28.
Qxc3 dxc3 29. f3 Rfc8 30. Ke2 Rc4 31. Reb1 Rxb4 32. axb4 Rc8 33. Ra1 Rc6 34. Kd3
Kf8 35. Ra3 Ng8 36. Rxc3 Rxc3+ 37. Kxc3 Ke7 38. g5 Kd7 39. Kd3 Kc6 40. c3 Kb6
41. Kc2 a5 42. bxa5+ Kxa5 43. Kb3 Ka6 44. Kc2 Kb6 45. f4 Kc6 46. Kb2 Kc5 47. Kb3
d4 48. cxd4+ Kxd4 49. Kb4 Ke4 50. Kxb5 Kxf4 0-1

[Event "Challenge"]
[Site "http://www.queenalice.com/game.php?id=1571027"]
[Date "2019.5.15"]
[Round "-"]
[White "wieczniak"]
[Black "bumpywater"]
[Result "0-1"]
[WhiteElo "1100"]
[BlackElo "1992"]

1. e4 e5 2. Nf3 Nc6 3. d4 exd4 4. Bc4 h6 5. O-O Bc5 6. c3 dxc3 7. Bxf7+ Kxf7 8.
Qd5+ Ke8 9. Qxc5 d6 10. Qh5+ Kf8 11. Nxc3 Nf6 12. Qb5 Kg8 13. h3 a6 14. Qb3+ Kh7
15. Be3 Re8 16. Qc2 Nb4 17. Qb1 Kg8 18. a3 Nc6 19. Rd1 Qe7 20. Nd5 Qf7 21. Qa2
Nxd5 22. exd5 Ne7 23. Rac1 c6 24. Qc4 Nxd5 25. Bd2 Bxh3 0-1

[Event "Challenge"]
[Site "http://www.queenalice.com/game.php?id=1607735"]
[Date "2020.4.15"]
[Round "-"]
[White "steinie"]
[Black "bumpywater"]
[Result "0-1"]
[WhiteElo "1912"]
[BlackElo "1994"]

1. e4 c5 2. d3 Nc6 3. Nc3 e6 4. Bf4 e5 5. Bc1 Nf6 6. Nf3 h6 7. g3 d6 8. Nb5 Bg4
9. h3 Be6 10. Bd2 a6 11. Nc3 Be7 12. b3 O-O 13. g4 Nh7 14. Nd5 Bxd5 15. exd5 Nd4
16. Nxd4 exd4 17. a3 Re8 18. Be2 Bg5 19. Bxg5 Nxg5 20. Kf1 Qf6 21. h4 Nh7 22. a4
a5 23. f3 Qe5 24. Rh3 Qxd5 0-1

[Event "Challenge"]
[Site "http://www.queenalice.com/game.php?id=1611180"]
[Date "2020.5.7"]
[Round "-"]
[White "bumpywater"]
[Black "Scaracioli"]
[Result "1-0"]
[WhiteElo "1990"]
[BlackElo "1695"]

1. e4 e5 2. Nf3 d6 3. Bc4 h6 4. O-O Nf6 5. Nc3 c6 6. d4 b5 7. Bb3 a5 8. a3 a4 9.
dxe5 dxe5 10. Qxd8+ Kxd8 11. Bxf7 Bd6 12. Rd1 Ke7 13. Ba2 Bg4 14. Rd3 Nbd7 15.
h3 Bxf3 16. Rxf3 Raf8 17. b3 b4 18. axb4 Bxb4 19. Nxa4 Ra8 20. c3 Bd6 21. Bb1 c5
22. c4 g5 23. Rg3 Rag8 24. Nc3 Kf7 25. Rd3 Bb8 26. f3 h5 27. Nd5 Rh6 28. Nxf6
Nxf6 29. h4 Nh7 30. Rd5 Rc6 31. Rd7+ Kg6 32. hxg5 Nxg5 33. Bxg5 Kxg5 34. Ra8
Rcg6 35. Rd2 h4 36. Kh2 Bd6 37. Rxg8 Rxg8 38. Rxd6 Kf4 39. Rc6 Ke3 40. Rxc5 Kf2
41. Kh3 Rg3+ 42. Kxh4 Rxg2 43. Rxe5 Kxf3 44. Kh5 Kf4 45. Rf5+ Ke3 46. b4 Rg1 47.
Bc2 Rc1 48. Bb3 Kxe4 49. Kg5 Rc3 50. Ba2 Ra3 51. Rf2 Ke3 52. Rb2 Kd4 53. b5 Kc5
54. b6 Rg3+ 55. Kf4 Rg7 56. b7 Rf7+ 57. Ke5 Re7+ 58. Kf6 Rd7 59. b8=Q 1-0

[Event "Challenge"]
[Site "http://www.queenalice.com/game.php?id=1619554"]
[Date "2020.7.7"]
[Round "-"]
[White "Scaracioli"]
[Black "bumpywater"]
[Result "0-1"]
[WhiteElo "1694"]
[BlackElo "2007"]

1. e4 e5 2. Nf3 Nc6 3. d4 exd4 4. Nxd4 Ne5 5. b3 Nf6 6. f3 Bb4+ 7. c3 Bc5 8. Be3
d6 9. h3 O-O 10. Nd2 Bd7 11. a4 a5 12. f4 Ng6 13. g3 Bxd4 14. cxd4 Re8 15. e5
dxe5 16. dxe5 Nd5 17. Nc4 Nxe3 18. Nxe3 Bc6 19. Bg2 Ra6 20. O-O Qe7 21. Nd5 Qc5+
22. Rf2 Rd8 23. Rc1 Qa7 24. Ne7+ Kf8 25. Nxg6+ fxg6 26. Qe2 Bxg2 27. Kxg2 Rc6
28. Rxc6 bxc6 29. h4 Qb7 30. Qc4 c5+ 31. Kh2 Qb4 32. Rc2 Rd2+ 33. Rxd2 Qxd2+ 34.
Kh3 Qd7+ 35. e6 Qe7 36. Qd5 h6 37. g4 Qd6 38. Qe4 Ke7 39. f5 gxf5 40. gxf5 c6
41. h5 Kf6 42. Kg4 Ke7 43. Kf3 Qd1+ 44. Qe2 Qxb3+ 45. Qe3 Qd1+ 46. Kg3 Qd4 47.
Qf3 Qxa4 48. Qd3 Qd4 49. Qa6 Qe5+ 50. Kg2 Qxf5 51. Qb7+ Kd6 52. Qd7+ Ke5 53.
Qxg7+ Kxe6 54. Qxh6+ Kd5 55. Qd2+ Ke6 56. Qa2+ Qd5+ 57. Qxd5+ cxd5 58. Kg3 Kf6
59. Kg4 Kg7 60. Kg5 a4 61. h6+ Kh7 62. Kf5 a3 63. Ke5 a2 64. Kxd5 a1=Q 65. Kxc5
Kxh6 66. Kd5 Kg5 67. Ke4 Qa3 0-1

[Event "Challenge"]
[Site "http://www.queenalice.com/game.php?id=1647603"]
[Date "2021.3.23"]
[Round "-"]
[White "steinie"]
[Black "bumpywater"]
[Result "1-0"]
[WhiteElo "2255"]
[BlackElo "2002"]

1. e4 e5 2. Nf3 Nc6 3. Bb5 d6 4. O-O Bd7 5. Nc3 Nf6 6. d4 Nxd4 7. Bxd7+ Qxd7 8.
Nxd4 exd4 9. Qxd4 Be7 10. Bg5 h6 11. Bf4 O-O 12. Rfd1 Rfd8 13. Nd5 c5 14. Qd3
Nxd5 15. Qxd5 Qb5 16. Rab1 b6 17. c4 Qd7 18. Kf1 a5 19. Kg1 Qg4 20. h3 Qxf4 21.
Rd2 Qe5 22. f4 Qxd5 23. Rxd5 a4 24. Rbd1 Ra7 25. e5 Rad7 26. Kf2 Kh7 27. f5 f6
28. e6 Rc7 29. Kf3 Rc6 30. Ke4 g6 31. R1d3 h5 32. Ra3 gxf5+ 33. Rxf5 Ra8 34.
Rxh5+ Kg6 35. Rf5 Rcc8 36. Rg3+ Kh6 37. Rf4 Kh5 38. Rg7 Re8 39. Kf5 Rad8 40. b3
Bf8 41. Rh7+ Bh6 42. g4+ Kh4 43. Rxh6+ Kg3 44. Re4 Rh8 45. e7 1-0

[Event "Challenge"]
[Site "http://www.queenalice.com/game.php?id=1648565"]
[Date "2021.4.3"]
[Round "-"]
[White "bumpywater"]
[Black "JORAM2205"]
[Result "0-1"]
[WhiteElo "2010"]
[BlackElo "1994"]

1. e4 e5 2. Nf3 Nc6 3. Bc4 Nf6 4. Nc3 Nxe4 5. Nxe4 d5 6. Bxd5 Qxd5 7. Nc3 Qd8 8.
O-O Bd6 9. d4 Nxd4 10. Nxd4 exd4 11. Re1+ Be6 12. Ne4 O-O 13. Bg5 f6 14. Nxd6
Qxd6 15. Bh4 Rfe8 0-1

[Event "Challenge"]
[Site "http://www.queenalice.com/game.php?id=1764328"]
[Date "2021.7.13"]
[Round "-"]
[White "bumpywater"]
[Black "Sigmund"]
[Result "1-0"]
[WhiteElo "1993"]
[BlackElo "1807"]

1. e4 e5 2. Nf3 d6 3. h3 Nf6 4. Nc3 Nc6 5. Bb5 Bd7 6. O-O Nd4 7. Bxd7+ Qxd7 8.
d3 h6 9. Be3 c5 10. b3 g5 11. Nxd4 cxd4 12. Bxd4 exd4 13. Ne2 h5 14. Nxd4 Bg7
15. Nf5 O-O 16. c4 g4 17. hxg4 Nxg4 18. Rc1 b6 19. Qd2 Kh7 20. Qg5 f6 21. Qxh5+
Nh6 22. d4 Rfe8 23. f3 Rac8 24. Rfd1 Rh8 25. c5 Kg8 26. Nxd6 Rf8 27. Qd5+ Nf7
28. Nf5 Qxd5 29. exd5 Bh6 30. Rc2 Bf4 31. g3 Rh5 32. Ne7+ Kg7 33. gxf4 Rfh8 34.
Rg2+ Kh7 35. c6 Re8 36. c7 Nd6 37. Re1 Nc8 38. Rge2 Kg7 39. Nxc8 Rxc8 40. d6 Rd5
41. Re8 1-0

[Event "Challenge"]
[Site "http://www.queenalice.com/game.php?id=1829479"]
[Date "2024.1.16"]
[Round "-"]
[White "steinie"]
[Black "bumpywater"]
[Result "0-1"]
[WhiteElo "1816"]
[BlackElo "1996"]

1. e4 e5 2. Nf3 Nf6 3. Bc4 h6 4. Nxe5 d5 5. exd5 Nxd5 6. d4 Be6 7. Nd2 Bd6 8.
Nb3 Nf4 9. Bxf4 Bxc4 10. Nxc4 Bxf4 11. Qf3 Bg5 12. Ne5 O-O 13. Qxb7 Nd7 14. Nc6
Qe8+ 15. Kd1 Qc8 16. Qxc8 Rfxc8 17. Re1 Kh7 18. g4 Bh4 19. c4 f6 20. Re2 Nb6 21.
Rc1 Re8 22. f4 a6 23. Rcc2 Rxe2 24. Nba5 Re4 25. f5 Rxg4 26. Re2 Rg1+ 27. Kc2
Rf1 0-1